00468nam a22001697a 450000500170000001000140001702000260003103700230005708200060008010000270008624500210011326000360013427000690017030000200023994200200025999900190027920260302121923.0 aBACCHEN26 a9788197870446c275.00 bPangram Publishers aN aSwift, Jonathan988000 aGullivers Travel aDelhibPangram Publishersc2025 aA 208, 2nd Floor, North Ex Mall, Sector-9, RohinibDelhie110085 a288.pc21cm(pb) 2ddccCHmSWIhN c215173d215173